| 000 | 00903cam a2200277 a 4500 | ||
|---|---|---|---|
| 001 | 3855342 | ||
| 005 | 20150828113315.0 | ||
| 008 | 880511s1989 enk b 001 0 eng | ||
| 010 | _a 88012780 | ||
| 020 |
_a0582355559 : _c£3.25 |
||
| 040 |
_aDLC _cDLC _dDLC |
||
| 043 | _ae-uk-en | ||
| 050 | 0 | 0 |
_aBR750 _b.H37 1989 |
| 082 | 0 | 0 |
_a282/.42 _219 |
| 100 | 2 |
_aHarper-Bill, Christopher. _919180 |
|
| 245 | 1 | 4 |
_aThe pre-Reformation church in England, 1400-1530 / _cChristopher Harper-Bill. |
| 260 |
_aLondon ; _aNew York : _bLongman, _c1989. |
||
| 300 |
_aviii, 135 p. ; _c20 cm. |
||
| 440 | 0 |
_aSeminar studies in history _919165 |
|
| 500 | _aIncludes index. | ||
| 504 | _aBibliography: p. 120-131. | ||
| 610 | 2 | 0 |
_aCatholic Church _zEngland _xHistory. _98508 |
| 651 | 0 |
_aEngland _xChurch history _y1066-1485. _919181 |
|
| 906 |
_a7 _bcbc _corignew _d1 _eocip _f19 _gy-gencatlg |
||
| 942 |
_2lcc _cMONOGRAPH |
||
| 999 |
_c123192 _d123192 |
||